[Event "Arnold Cup"]
[Site "Gausdal NOR"]
[Date "1990.??.??"]
[Round "1"]
[White "Karlsson, Lars C-G"]
[Black "Tischbierek, Raj"]
[Result "1/2-1/2"]
[WhiteElo "2520"]
[BlackElo "2440"]
[PlyCount "48"]
[EventDate "1990.??.??"]
[Source "www.chesslib.no"]
[SourceDate "2004.05.04"]

1. f4 g6 2. Nf3 Bg7 3. g3 d6 4. Bg2 e5 5. e4 Ne7 6. O-O O-O 7. c3 c5 8. d3 exf4 9. gxf4 d5 10. Qc2 Nbc6 11. Qf2 c4 12. exd5 Nxd5 13. dxc4 Nf6 14. Kh1 Bf5 15. Na3 Re8 16. Qg1 Re2 17. Re1 Qd3 18. Rxe2 Qxe2 19. Qf1 Qxf1+ 20. Bxf1 Rd8 21. Kg2 Be4 22. Nb5 a6 23. Nbd4 Nxd4 24. cxd4 Rxd4 1/2-1/2

[Event "Open"]
[Site "?"]
[Date "2004.09.12"]
[Round "4"]
[White "Obukhov Alexander"]
[Black "Geller Jakov"]
[Result "1/2-1/2"]
[WhiteElo "2475"]
[BlackElo "2484"]
[PlyCount "28"]
[EventDate "2004.??.??"]
[Source "www.chesslib.no"]
[SourceDate "2004.05.04"]

1. f4 g6 2. Nf3 Nf6 3. d3 Bg7 4. e4 d6 5. g3 O-O 6. Bg2 c5 7. O-O Nc6 8. c3 Rb8 9. Qe2 b5 10. h4 b4 11. c4 Nd7 12. Nbd2 e6 13. Kh1 Bb7 14. Re1 Qc7 1/2-1/2

[Event "Bucharest Fest GM"]
[Site "?"]
[Date "1998.??.??"]
[Round "?"]
[White "Bogdan Dan"]
[Black "Badea Bela"]
[Result "1/2-1/2"]
[WhiteElo "2410"]
[BlackElo "2545"]
[PlyCount "67"]
[EventDate "1998.??.??"]
[Source "www.chesslib.no"]
[SourceDate "2004.05.04"]

1. f4 Nf6 2. Nf3 g6 3. g3 b6 4. Bg2 Bb7 5. d3 d5 6. O-O Bg7 7. Ne5 O-O 8. Nd2 Nbd7 9. Ndf3 c5 10. c3 Ne8 11. Qa4 Ndf6 12. b4 Qc7 13. Be3 c4 14. Nd4 Nd6 15. Bd2 a6 16. Bh3 Bc8 17. Bg2 Bb7 18. Bh3 Rfd8 19. Rae1 b5 20. Qa5 Qxa5 21. bxa5 e6 22. Rb1 Nfe8 23. a4 Nc7 24. axb5 Ncxb5 25. Bg2 cxd3 26. exd3 Nxd4 27. cxd4 Nb5 28. Bb4 Rdc8 29. Bc5 Bc6 30. g4 Be8 31. Rbc1 Bh6 32. g5 Bg7 33. h4 h6 34. Kf2 1/2-1/2

[Event "IX Open"]
[Site "Dubai EAU"]
[Date "2007.04.30"]
[Round "9"]
[White "Girinath, P D S."]
[Black "Koneru, Humpy"]
[Result "1/2-1/2"]
[WhiteElo "2378"]
[BlackElo "2575"]
[PlyCount "95"]
[EventDate "2007.04.22"]
[Source "www.chesslib.no"]
[SourceDate "2004.05.04"]

1. f4 c5 2. b3 Nf6 3. Bb2 e6 4. Nf3 b6 5. g3 Bb7 6. Bg2 Be7 7. O-O O-O 8. e3 d6 9. d3 Nc6 10. Qe2 Qc7 11. Nc3 a6 12. Nd1 b5 13. e4 d5 14. e5 Nd7 15. Nf2 b4 16. Rae1 Rfe8 17. f5 d4 18. f6 gxf6 19. exf6 Bxf6 20. Ng4 Bg7 21. Bc1 f5 22. Nh6+ Bxh6 23. Bxh6 Nf6 24. Bf4 Qg7 25. Ne5 Nxe5 26. Bxe5 Bxg2 27. Qxg2 Qg6 28. Bxf6 Qxf6 29. Qc6 Kg7 30. Rf2 Rac8 31. Qxa6 Rc7 32. Qd6 Ree7 33. Qf4 Qh6 34. Qd6 Qf6 35. Re5 Rc6 36. Qb8 Qf8 37. Qb5 Rec7 38. Re1 Qd6 39. Rfe2 Kf6 40. Qb8 Rc8 41. Rxe6+ Qxe6 42. Rxe6+ Kxe6 43. Qf4 R6c7 44. Qh6+ Ke5 45. Qf4+ Ke6 46. Qh6+ Ke5 47. Qf4+ Ke6 48. Qh6+ 1/2-1/2

[Event "I Open internazionale"]
[Site "Gurgon IND"]
[Date "2009.01.28"]
[Round "9"]
[White "Evgeny, Gleizerov"]
[Black "Arghyadip, Das"]
[Result "1-0"]
[WhiteElo "2544"]
[BlackElo "2404"]
[PlyCount "95"]
[EventDate "2009.01.21"]
[Source "www.chesslib.no"]
[SourceDate "2004.05.04"]

1. f4 g6 2. Nf3 Bg7 3. d4 Nf6 4. e3 O-O 5. Bd3 d6 6. O-O Nc6 7. e4 e5 8. d5 Nb4 9. fxe5 dxe5 10. Be3 b6 11. Nc3 Ng4 12. Bg5 Qd6 13. Qe2 h6 14. Bd2 Nxd3 15. Qxd3 Bd7 16. h3 Nf6 17. Ne2 Ne8 18. c4 f5 19. Ng3 f4 20. Nh1 Nf6 21. Bc3 Rae8 22. Nf2 g5 23. a3 c5 24. dxc6 Qxd3 25. Nxd3 Bxc6 26. Ndxe5 Bxe4 27. Bb4 Bxf3 28. Bxf8 Bxg2 29. Bxg7 Kxg7 30. Kxg2 Rxe5 31. Rfe1 Rf5 32. b4 h5 33. Rac1 g4 34. hxg4 hxg4 35. c5 f3+ 36. Kf2 Nh5 37. c6 g3+ 38. Ke3 f2 39. Rf1 Rf8 40. c7 Rc8 41. Kf3 Kg6 42. Kg2 Kg5 43. Rfd1 Nf4+ 44. Kf3 Nh5 45. Rc4 Kg6 46. Kg2 Kg5 47. Rd5+ Kg6 48. Rc6+ 1-0

[Event "JUG Ch"]
[Site "Banja Vrucica YUG"]
[Date "1991.??.??"]
[Round "?"]
[White "Kosic, Dragan"]
[Black "Drasko, Milan"]
[Result "1-0"]
[WhiteElo "2445"]
[BlackElo "2500"]
[PlyCount "115"]
[EventDate "1991.12.??"]
[Source "www.chesslib.no"]
[SourceDate "2004.05.04"]

1. f4 Nf6 2. Nf3 d6 3. Nc3 Nbd7 4. e4 e5 5. Bc4 Be7 6. O-O O-O 7. d3 c6 8. a4 exf4 9. d4 d5 10. exd5 Nb6 11. Bb3 Nbxd5 12. Nxd5 Nxd5 13. Ne5 Be6 14. c3 f6 15. Nd3 g5 16. h4 Qd7 17. hxg5 fxg5 18. Ne5 Qd6 19. Qh5 Kg7 20. Bc2 Bf5 21. Bxf5 Rxf5 22. Bd2 c5 23. Qh3 Raf8 24. Rae1 cxd4 25. cxd4 Bd8 26. Nc4 Qf6 27. Re4 Bc7 28. Qf3 Qg6 29. Qb3 f3 30. Rxf3 Rxf3 31. gxf3 Rf7 32. Ne5 Bxe5 33. dxe5 Nf4 34. e6 Re7 35. Qb4 Rxe6 36. Qxb7+ Kh6 37. Rxe6 Qxe6 38. Qxa7 Qe2 39. Bxf4 gxf4 40. Qb6+ Kg7 41. Qd4+ Kg8 42. Qxf4 Qxb2 43. Qg5+ Kf7 44. Qd5+ Kg6 45. a5 h5 46. Qe4+ Kg5 47. Qe3+ Kf5 48. Qh6 Qe2 49. Qxh5+ Kf6 50. Qh4+ Kf7 51. Qf2 Qe5 52. Qa7+ Kg6 53. Qb6+ Kg5 54. Kg2 Kh5 55. Qb4 Qe2+ 56. Kg3 Qe5+ 57. Kh3 Kh6 58. Qh4+ 1-0

[Event "III Torneo GM"]
[Site "Mysliborz POL"]
[Date "2008.06.12"]
[Round "5"]
[White "Danielsen, Hen"]
[Black "Voloshin, L."]
[Result "1/2-1/2"]
[WhiteElo "2510"]
[BlackElo "2434"]
[PlyCount "45"]
[EventDate "2008.06.09"]
[Source "www.chesslib.no"]
[SourceDate "2004.05.04"]

1. f4 b6 2. b3 Bb7 3. Bb2 Nf6 4. e3 g6 5. Nf3 Bg7 6. Be2 O-O 7. O-O d6 8. Qe1 c5 9. Qh4 Nc6 10. g4 e5 11. f5 gxf5 12. g5 Nd5 13. Qh5 Nde7 14. Nh4 f6 15. Nxf5 Nxf5 16. Rxf5 Ne7 17. Bd3 e4 18. Rf4 Ng6 19. Bxe4 Bxe4 20. Rxe4 fxg5 21. Bxg7 Kxg7 22. Nc3 Qf6 23. Rd1 1/2-1/2

[Event "Open"]
[Site "?"]
[Date "2002.04.16"]
[Round "7"]
[White "Shtyrenkov Veniamen"]
[Black "Areshchenko Alexander"]
[Result "0-1"]
[WhiteElo "2474"]
[BlackElo "2470"]
[PlyCount "80"]
[EventDate "2002.??.??"]
[Source "www.chesslib.no"]
[SourceDate "2004.05.04"]

1. f4 c5 2. Nf3 Nc6 3. g3 g6 4. Bg2 Bg7 5. O-O d6 6. e4 e6 7. c3 Nge7 8. Na3 O-O 9. d3 Rb8 10. Nc2 b6 11. Kh1 Ba6 12. Re1 d5 13. e5 Nf5 14. Ne3 Nxe3 15. Bxe3 d4 16. cxd4 Nb4 17. dxc5 Nxd3 18. Rg1 bxc5 19. b3 Qa5 20. Ng5 Rfd8 21. Qc2 c4 22. Ne4 Bf8 23. Bf3 Rbc8 24. bxc4 Bxc4 25. Nf6+ Kh8 26. Qg2 Be7 27. Rgb1 Bxf6 28. exf6 Bd5 29. Bxd5 Rxd5 30. Rb7 Qc3 31. Rf1 Qxf6 32. Rxa7 Kg7 33. a4 Rc4 34. Rb1 Nb4 35. Bg1 Qf5 36. Re1 Rc2 37. Qe4 Qxe4+ 38. Rxe4 Nc6 39. Rc7 Rd1 40. Rxe6 Rcc1 0-1

[Event "Espoo zt"]
[Site "Espoo"]
[Date "1989.??.??"]
[Round "?"]
[White "Karlsson, Lars"]
[Black "Ostenstad, Berge"]
[Result "1-0"]
[WhiteElo "2510"]
[BlackElo "2430"]
[PlyCount "79"]
[EventDate "1989.07.??"]
[Source "ChessBase"]

1. f4 c5 2. Nf3 g6 3. g3 Bg7 4. Bg2 Nc6 5. O-O d5 6. d3 Nf6 7. Nc3 d4 8. Na4 Nd7 9. Ng5 Qc7 10. c4 e6 11. a3 Rb8 12. Bd2 b6 13. b4 Bb7 14. bxc5 bxc5 15. Ne4 Nd8 16. Rb1 O-O 17. Rb5 Bxe4 18. Ba5 Qd6 19. Bxe4 Nc6 20. Bd2 a6 21. Rxb8 Rxb8 22. Qc2 Nf6 23. Bf3 h5 24. Rb1 Ng4 25. Rxb8+ Nxb8 26. Qb3 Nd7 27. Qb7 Bf8 28. Qc6 Ngf6 29. Ba5 Qe7 30. Nb6 Nxb6 31. Bxb6 Ng4 32. Qb7 Qf6 33. Qc8 Qe7 34. Qxa6 g5 35. Qb7 Qf6 36. Qc8 Kg7 37. Bxg4 hxg4 38. Qc7 Qf5 39. Qe5+ Qxe5 40. fxe5 1-0

[Event "BUL Ch"]
[Site "Sofia BUL"]
[Date "1996.??.??"]
[Round "2"]
[White "Panbukchian, Valentin"]
[Black "Spasov, Vasil V"]
[Result "0-1"]
[WhiteElo "2370"]
[BlackElo "2570"]
[PlyCount "84"]
[EventDate "1996.??.??"]
[Source "www.chesslib.no"]
[SourceDate "2004.05.04"]

1. f4 c5 2. Nf3 Nc6 3. g3 g6 4. Bg2 Bg7 5. O-O Nf6 6. c3 O-O 7. Kh1 d5 8. d3 Rb8 9. Qc2 d4 10. Na3 b6 11. Nc4 Bb7 12. e4 dxe3 13. Bxe3 Qc7 14. Bg1 Rbd8 15. Rfd1 Ne8 16. a4 Nd6 17. Nce5 Nxe5 18. Nxe5 Nf5 19. Qe2 Bxg2+ 20. Kxg2 Bxe5 21. Qxe5 Qxe5 22. fxe5 Rd5 23. a5 Rxe5 24. axb6 axb6 25. Kf3 Rd8 26. Ra7 h5 27. Bf2 Rd6 28. Rd2 g5 29. h3 Rf6 30. Kg2 h4 31. g4 Ne3+ 32. Kg1 Rf3 33. d4 Re4 34. dxc5 bxc5 35. Bxe3 Rexe3 36. Rc7 Rxh3 37. Rxc5 f6 38. Rc7 Kf7 39. Rf2 Re1+ 40. Rf1 Re2 41. Rf2 Rxf2 42. Kxf2 Rh2+ 0-1

[Event "Petermaennchen GM"]
[Site "?"]
[Date "1999.08.12"]
[Round "5"]
[White "Danielsen Henrik"]
[Black "Ellers Holger"]
[Result "1/2-1/2"]
[WhiteElo "2512"]
[BlackElo "2426"]
[PlyCount "179"]
[EventDate "1999.??.??"]
[Source "www.chesslib.no"]
[SourceDate "2004.05.04"]

1. f4 b6 2. e4 Bb7 3. d3 e6 4. c3 c5 5. Nf3 Nc6 6. g3 d5 7. e5 d4 8. c4 Nh6 9. Na3 Qd7 10. Nc2 Be7 11. Qe2 O-O 12. Bh3 Nf5 13. O-O Rad8 14. Nce1 b5 15. b3 h5 16. Bd2 bxc4 17. bxc4 g6 18. Rf2 Kg7 19. Bc1 Nb4 20. a3 Nc6 21. Nd2 Na5 22. Rb1 Ne3 23. Rb5 Qc7 24. Nb3 Nxb3 25. Rxb3 Nf5 26. Qf1 Rb8 27. Rfb2 Bc6 28. Bg2 Rxb3 29. Rxb3 Rb8 30. Rxb8 Bxg2 31. Qxg2 Qxb8 32. Qe2 Bd8 33. Qc2 Ba5 34. Nf3 Bd8 35. Kf2 Qb7 36. Bd2 Ne7 37. Ke2 Nc6 38. Kf2 Kf8 39. h3 Qa6 40. Qb3 Qb6 41. Qa4 a6 42. Ke2 Ke8 43. Bc1 Kd7 44. Nd2 Be7 45. Ne4 Kc7 46. Bd2 Kb7 47. Qc2 Nb8 48. Be1 Nd7 49. g4 hxg4 50. hxg4 f5 51. exf6 Nxf6 52. Nd2 Ne8 53. Ne4 Nd6 54. Nd2 Qc6 55. Nf3 Nf7 56. Bd2 Bd6 57. Qb1+ Ka7 58. Qf1 e5 59. fxe5 Nxe5 60. Nxe5 Bxe5 61. Qf7+ Kb6 62. a4 Bc7 63. Kf2 Qd6 64. Qf3 Qh2+ 65. Ke1 Qe5+ 66. Kd1 Qe8 67. a5+ Ka7 68. Qd5 Qa4+ 69. Ke2 Qe8+ 70. Kf1 Qf8+ 71. Kg1 Kb8 72. Qe4 Qf6 73. Kg2 Qh4 74. Kf1 Qh2 75. Be1 Qd6 76. Ke2 Kc8 77. Kd1 Kd7 78. Bd2 Qe6 79. Qf3 Qc6 80. Qf7+ Kc8 81. Qf8+ Kb7 82. Qf7 Kc8 83. g5 Qh1+ 84. Kc2 Qc6 85. Kb3 Qb7+ 86. Kc2 Qc6 87. Qf8+ Kb7 88. Qf7 Kc8 89. Qg8+ Bd8 90. Kb3 1/2-1/2

[Event "XXXVIII Rilton Cup"]
[Site "Stoccolma SVE"]
[Date "2008.12.30"]
[Round "4"]
[White "Gleizerov, E."]
[Black "Gagarin, V."]
[Result "1-0"]
[WhiteElo "2545"]
[BlackElo "2390"]
[PlyCount "61"]
[EventDate "2008.12.27"]
[Source "www.chesslib.no"]
[SourceDate "2004.05.04"]

1. f4 Nf6 2. Nf3 g6 3. e3 Bg7 4. d4 O-O 5. Bd3 d6 6. O-O c5 7. c3 Nc6 8. Bc2 b6 9. d5 Na5 10. e4 e6 11. dxe6 Bxe6 12. f5 Bc4 13. Re1 Qd7 14. Bg5 Qc7 15. Nbd2 Ba6 16. e5 dxe5 17. Nxe5 Rfe8 18. Bxf6 Bxf6 19. Ng4 Bh4 20. g3 Red8 21. gxh4 Nc4 22. Re2 Nxb2 23. Qe1 Bxe2 24. Qxe2 Qf4 25. Ne4 gxf5 26. Ngf6+ Kf8 27. Rf1 Qe5 28. Qh5 Nc4 29. Rxf5 Qc7 30. Nxh7+ Ke8 31. Ba4+ 1-0

[Event "YUG Cup"]
[Site "?"]
[Date "1999.??.??"]
[Round "?"]
[White "Markovic Ivan"]
[Black "Antic Dejan"]
[Result "1/2-1/2"]
[WhiteElo "2455"]
[BlackElo "2479"]
[PlyCount "42"]
[EventDate "1999.??.??"]
[Source "www.chesslib.no"]
[SourceDate "2004.05.04"]

1. f4 c5 2. Nf3 Nc6 3. g3 g6 4. Bg2 Bg7 5. O-O Nf6 6. d3 O-O 7. Nc3 d6 8. e4 Bg4 9. h3 Bxf3 10. Qxf3 Nd7 11. Qf2 Rb8 12. a4 a6 13. g4 b5 14. axb5 axb5 15. e5 Nd4 16. exd6 exd6 17. f5 gxf5 18. gxf5 Kh8 19. Ra7 Bf6 20. Kh1 Ne5 21. Ne4 Rg8 1/2-1/2

[Event "Open"]
[Site "?"]
[Date "1998.12.27"]
[Round "7"]
[White "Reinderman Dimitri"]
[Black "Vehi Bach Victor Manuel"]
[Result "1/2-1/2"]
[WhiteElo "2540"]
[BlackElo "2390"]
[PlyCount "71"]
[EventDate "1998.??.??"]
[Source "www.chesslib.no"]
[SourceDate "2004.05.04"]

1. f4 Nf6 2. Nf3 g6 3. g3 b6 4. Bg2 Bb7 5. O-O Bg7 6. d3 d5 7. Ng5 c5 8. e4 h6 9. e5 hxg5 10. exf6 exf6 11. Qe2+ Kf8 12. fxg5 f5 13. c4 Nc6 14. Bxd5 Nd4 15. Qg2 Bxd5 16. cxd5 Qd7 17. Nc3 Nb5 18. Nxb5 Qxb5 19. d6 Rd8 20. Bf4 Qxb2 21. Qxb2 Bxb2 22. Rae1 Rd7 23. Re2 Bc3 24. Rc1 Bd4+ 25. Kg2 Kg7 26. Rce1 Rhd8 27. Re8 Rxe8 28. Rxe8 f6 29. h4 Kf7 30. Rc8 Ke6 31. gxf6 Bxf6 32. Kf3 Rd8 33. Rc7 Rd7 34. Rc8 Rd8 35. Rc6 Rd7 36. Rc8 1/2-1/2

[Event "NED-ch"]
[Site "Rotterdam"]
[Date "1998.06.24"]
[Round "4"]
[White "Reinderman, Dimitri"]
[Black "Van der Weide, Karel"]
[Result "0-1"]
[WhiteElo "2480"]
[BlackElo "2450"]
[PlyCount "77"]
[EventDate "1998.06.21"]
[Source "ChessBase"]
[SourceDate "1998.09.30"]

1. f4 c5 2. Nf3 g6 3. g3 Bg7 4. Bg2 Nc6 5. O-O Nf6 6. d3 O-O 7. e4 d6 8. h3 Rb8 9. Nc3 b5 10. a3 a5 11. Be3 b4 12. axb4 axb4 13. Ne2 Bb7 14. g4 Ra8 15. Rc1 Ra2 16. b3 Qc7 17. Qe1 Rfa8 18. f5 Rb2 19. Nf4 Raa2 20. Qf2 Nd4 21. Bxd4 cxd4 22. Nxd4 g5 23. Nfe2 Nd7 24. Kh1 Qc5 25. Qe3 Bf6 26. Rf3 Ne5 27. Rg3 h6 28. Kg1 Qa7 29. Kf2 Ba6 30. Kg1 Qc5 31. Bf1 Nc6 32. Nxc6 Qxc6 33. d4 Bxe2 34. Bxe2 Rxc2 35. Rxc2 Qxc2 36. Rg2 Qb2 37. e5 dxe5 38. d5 e4 39. Qxe4 0-1

[Event "otb"]
[Site "otb"]
[Date "2007.04.02"]
[Round "4"]
[White "Rodriguez Andres"]
[Black "Kanefsck Gustavo"]
[Result "1-0"]
[WhiteElo "2538"]
[BlackElo "2390"]
[PlyCount "61"]
[Source "www.chesslib.no"]
[SourceDate "2004.05.04"]

1. f4 b6 2. e4 Bb7 3. Nc3 e6 4. Nf3 c5 5. d3 d6 6. g4 h5 7. g5 g6 8. Bh3 Ne7 9. O-O Nbc6 10. Qe1 Qd7 11. Nd5 Bg7 12. Nf6+ Bxf6 13. gxf6 Ng8 14. f5 gxf5 15. exf5 e5 16. Bg5 O-O-O 17. Qd2 Re8 18. Nh4 Kb8 19. c3 d5 20. Rae1 Ka8 21. Bg2 Qd6 22. Ng6 Rh7 23. Nxe5 Nxe5 24. d4 cxd4 25. cxd4 Nf3+ 26. Rxf3 Rc8 27. Rc3 Rf8 28. Rce3 Rd8 29. Re8 Rh8 30. Qb4 Qd7 31. Qf8 1-0

[Event "Rubinstein Open, Polanica Zdroj POL"]
[Site "?"]
[Date "2001.??.??"]
[Round "10"]
[White "Jakubiec, A."]
[Black "Smetankin, S."]
[Result "1/2-1/2"]
[WhiteElo "2495"]
[BlackElo "2430"]
[PlyCount "70"]
[EventDate "2001.??.??"]
[Source "www.chesslib.no"]
[SourceDate "2004.05.04"]

1. f4 c5 2. Nf3 Nc6 3. g3 g6 4. Bg2 Bg7 5. O-O d6 6. d3 e5 7. c3 Nge7 8. e4 O-O 9. Be3 b6 10. Na3 exf4 11. Bxf4 d5 12. Nb5 dxe4 13. dxe4 Ba6 14. a4 Qxd1 15. Rfxd1 Rad8 16. Bd6 Rd7 17. Bh3 Rb7 18. Bf4 h6 19. Re1 Rd8 20. Rad1 g5 21. Rxd8+ Nxd8 22. Rd1 Ne6 23. Bxe6 fxe6 24. Rd8+ Kh7 25. Bd6 Nc6 26. Rc8 Na5 27. Nc7 Bd3 28. Nd2 e5 29. Kf2 Bc2 30. b4 cxb4 31. cxb4 Nc6 32. b5 Nd4 33. Re8 Bxa4 34. Re7 Kg8 35. Ne8 Kh7 1/2-1/2

[Event "MI Festival GM"]
[Site "Bucharest"]
[Date "1999.03.20"]
[Round "1"]
[White "Grunberg, Mihai"]
[Black "Istratescu, Andrei"]
[Result "1-0"]
[WhiteElo "2375"]
[BlackElo "2549"]
[PlyCount "101"]
[EventDate "1999.03.20"]
[Source "ChessBase"]
[SourceDate "1999.05.10"]

1. f4 g6 2. Nf3 Bg7 3. g3 c5 4. Bg2 Nc6 5. O-O d6 6. e4 e5 7. f5 Nf6 8. d3 d5 9. Nc3 d4 10. Ne2 b6 11. h3 h5 12. Nh4 Ne7 13. Bg5 Qd6 14. Qd2 Nfg8 15. fxg6 fxg6 16. Rf2 Be6 17. c3 O-O-O 18. cxd4 cxd4 19. Nf3 Qd7 20. Kh2 Kb7 21. a4 Rc8 22. Rff1 Nc6 23. b4 Nge7 24. Rfb1 Rc7 25. a5 b5 26. a6+ Ka8 27. Rc1 Rhc8 28. Rc5 Rb8 29. Rac1 Rb6 30. Bxe7 Qxe7 31. Nfxd4 exd4 32. e5 Kb8 33. Nxd4 Bd7 34. Bxc6 Bc8 35. Bxb5 Bxe5 36. Rxc7 Bxc7 37. Nc6+ Rxc6 38. Bxc6 h4 39. Bg2 Qe5 40. Rxc7 hxg3+ 41. Kh1 Qxc7 42. b5 Qe5 43. d4 Qf5 44. Qe1 Qf4 45. Qe5+ Qxe5 46. dxe5 g5 47. Bf1 Kc7 48. Kg2 Be6 49. Kxg3 Kb6 50. h4 gxh4+ 51. Kxh4 1-0

[Event "Sochi RUS"]
[Site "?"]
[Date "2005.10.??"]
[Round "7"]
[White "Malaniuk Vladimir P"]
[Black "Korobkov Piotr"]
[Result "1-0"]
[WhiteElo "2526"]
[BlackElo "2396"]
[PlyCount "71"]
[EventDate "2005.??.??"]
[Source "www.chesslib.no"]
[SourceDate "2004.05.04"]

1. f4 c5 2. Nf3 Nc6 3. g3 g6 4. Bg2 Bg7 5. d3 d6 6. O-O Nf6 7. Nc3 O-O 8. Nh4 Bd7 9. f5 e6 10. e4 Nd4 11. fxg6 hxg6 12. Bg5 Qb6 13. Rb1 Nh7 14. Be3 Qc7 15. Qd2 Rab8 16. Nd1 Be8 17. c3 Nc6 18. Bh6 Qe7 19. Bxg7 Kxg7 20. Ne3 Bd7 21. Rbe1 Qg5 22. Rf2 Rbc8 23. Nf3 Qe7 24. Ng4 g5 25. e5 dxe5 26. Nfxe5 Nxe5 27. Nxe5 b6 28. Qe2 Be8 29. Ng4 Bd7 30. Be4 f6 31. Ref1 e5 32. Ne3 Be6 33. Qh5 Kh8 34. Rxf6 Rxf6 35. Rxf6 Bg8 36. Bxh7 1-0

[Event "Arnold Cup"]
[Site "Gausdal NOR"]
[Date "1991.??.??"]
[Round "8"]
[White "Karlsson, Lars C-G"]
[Black "Wegner, Hannu"]
[Result "1/2-1/2"]
[WhiteElo "2485"]
[BlackElo "2435"]
[PlyCount "91"]
[EventDate "1991.04.??"]
[Source "www.chesslib.no"]
[SourceDate "2004.05.04"]

1. f4 g6 2. Nf3 Bg7 3. g3 d5 4. Bg2 Nh6 5. d3 d4 6. Nbd2 O-O 7. O-O Nc6 8. Nc4 Nf5 9. e4 dxe3 10. c3 Nd6 11. Nxe3 e5 12. fxe5 Nxe5 13. Nxe5 Bxe5 14. d4 Bg7 15. Qf3 c6 16. Ng4 Bxg4 17. Qxg4 f5 18. Qd1 Qd7 19. d5 c5 20. Re1 Rfe8 21. Bf4 Rxe1+ 22. Qxe1 Re8 23. Qf2 b6 24. Re1 Nf7 25. Rxe8+ Qxe8 26. Qd2 Be5 27. Be3 Qe7 28. Bf2 Nd6 29. Qe2 Bf6 30. Qd3 Bg5 31. Bf3 Bc1 32. Kg2 Bxb2 33. Qc2 Ba3 34. h4 Qd7 35. Be3 c4 36. Bd4 Nf7 37. Qe2 b5 38. Qe6 Qxe6 39. dxe6 Nd8 40. Bxa7 Nxe6 41. Bc6 Nc7 42. Bb6 Bd6 43. Bxc7 Bxc7 44. Bxb5 Be5 45. Bxc4+ Kg7 46. Kf3 1/2-1/2

[Event "GRE Ch"]
[Site "Serres"]
[Date "1990.??.??"]
[Round "3"]
[White "Makropoulos, Georgios"]
[Black "Skembris, Spyridon"]
[Result "1/2-1/2"]
[WhiteElo "2450"]
[BlackElo "2470"]
[PlyCount "45"]
[EventDate "1990.??.??"]
[Source "www.chesslib.no"]
[SourceDate "2004.05.04"]

1. f4 Nf6 2. Nf3 g6 3. b3 Bg7 4. Bb2 d5 5. e3 c5 6. Be2 Nc6 7. Ne5 Bd7 8. Nxd7 Qxd7 9. O-O O-O 10. d3 Rad8 11. Bf3 Rfe8 12. g4 Qd6 13. Nc3 d4 14. Nb5 Qb8 15. g5 Nd7 16. Bxc6 bxc6 17. Na3 dxe3 18. Bxg7 Kxg7 19. Qf3 Nb6 20. Rae1 Rd5 21. Rxe3 Rf5 22. Re5 Qxe5 23. fxe5 1/2-1/2

[Event "Memorial A. Kotov"]
[Site "Tula (Russia)"]
[Date "2007.07.02"]
[Round "4"]
[White "Kuzin Anton (RUS)"]
[Black "Castaneda Georgui (PER)"]
[Result "1/2-1/2"]
[WhiteElo "2461"]
[BlackElo "2457"]
[PlyCount "39"]
[EventDate "2007.??.??"]
[Source "www.chesslib.no"]
[SourceDate "2004.05.04"]

1. f4 Nf6 2. Nf3 Nc6 3. b3 g6 4. Bb2 Bg7 5. e3 O-O 6. Bb5 d6 7. Bxc6 bxc6 8. O-O a5 9. a4 Ba6 10. d3 Qd7 11. Nbd2 Qg4 12. Qe1 Qh5 13. Rb1 Rfe8 14. Kh1 Qc5 15. Nc4 Bxc4 16. Bd4 Qh5 17. bxc4 Reb8 18. Rxb8+ Rxb8 19. e4 Rb4 20. Qa1 1/2-1/2

[Event "2. Open"]
[Site "?"]
[Date "2005.10.27"]
[Round "8"]
[White "Permuy Lorenzo Carlos Javier"]
[Black "Berg Emanuel"]
[Result "0-1"]
[WhiteElo "2376"]
[BlackElo "2540"]
[PlyCount "79"]
[EventDate "2005.??.??"]
[Source "www.chesslib.no"]
[SourceDate "2004.05.04"]

1. f4 Nf6 2. Nf3 d6 3. Nc3 e5 4. e4 exf4 5. d4 d5 6. exd5 Nxd5 7. Nxd5 Qxd5 8. Bxf4 Bd6 9. Qe2+ Be6 10. Bxd6 Qxd6 11. Qb5+ Nc6 12. O-O-O O-O-O 13. Qa4 Bd5 14. Kb1 Kb8 15. Bc4 Bxf3 16. gxf3 Nxd4 17. Bxf7 Qf6 18. Bc4 Rd6 19. Rd3 Nxf3 20. Bd5 Rhd8 21. Qb3 Rxd5 22. Rxd5 Nd2+ 23. Rxd2 Rxd2 24. a3 Qd8 25. h4 b6 26. Qf3 Qd5 27. Qf8+ Kb7 28. Rc1 Rg2 29. Re1 g6 30. Qg7 Qc4 31. Rc1 Qxh4 32. c4 Qe4+ 33. Ka1 Rc2 34. Rxc2 Qxc2 35. Qd4 Qg2 36. b4 h5 37. a4 g5 38. a5 h4 39. b5 bxa5 40. Qd3 0-1

[Event "SWE Team Ch 9394"]
[Site "Sweden"]
[Date "1994.??.??"]
[Round "4"]
[White "Karlsson, Lars C-G"]
[Black "Winsnes, Rikard"]
[Result "0-1"]
[WhiteElo "2520"]
[BlackElo "2395"]
[PlyCount "67"]
[EventDate "1993.??.??"]
[Source "www.chesslib.no"]
[SourceDate "2004.05.04"]

1. f4 Nf6 2. Nf3 g6 3. Nc3 d5 4. e3 Bg7 5. Ne2 O-O 6. Ng3 c5 7. Be2 Nc6 8. O-O Ne4 9. Nxe4 dxe4 10. Ng5 e5 11. Nxe4 exf4 12. Nxc5 fxe3 13. dxe3 Qe7 14. Nd3 Bf5 15. Bg4 Be4 16. Bf3 Rad8 17. Bxe4 Qxe4 18. Qf3 Qe7 19. a4 f5 20. Ra3 Ne5 21. Nxe5 Bxe5 22. g3 Qc7 23. Rb3 b6 24. Qe2 Rc8 25. c3 Rce8 26. Qf3 Bd6 27. Qd5+ Rf7 28. a5 bxa5 29. c4 Re4 30. Bd2 Bxg3 31. Bxa5 Bxh2+ 32. Kh1 Qd6 33. Bc3 Qxd5 34. cxd5 0-1

[Event "Arnold Cup"]
[Site "Gausdal NOR"]
[Date "1994.??.??"]
[Round "9"]
[White "Pyhala, Antti"]
[Black "Sadler, Matthew"]
[Result "0-1"]
[WhiteElo "2350"]
[BlackElo "2560"]
[PlyCount "80"]
[EventDate "1994.04.??"]
[Source "www.chesslib.no"]
[SourceDate "2004.05.04"]

1. f4 Nf6 2. Nf3 g6 3. g3 b6 4. Bg2 Bb7 5. O-O Bg7 6. d3 d5 7. Qe1 O-O 8. h3 c5 9. c3 d4 10. Na3 Nc6 11. Bd2 Rc8 12. Nc2 dxc3 13. Bxc3 b5 14. b3 b4 15. Bb2 Nd5 16. Bxg7 Kxg7 17. Qf2 Nc3 18. Kh1 e6 19. g4 Ne7 20. Ne5 Bxg2+ 21. Qxg2 f6 22. Nc4 Ned5 23. f5 e5 24. a3 Nf4 25. Rxf4 exf4 26. axb4 Rc7 27. bxc5 Re8 28. Re1 Rxc5 29. Qf2 Rd5 30. Qxa7+ Kh8 31. Qf2 gxf5 32. Qxf4 Rxe2 33. Rxe2 Nxe2 34. Qf2 Nd4 35. N2e3 Rb5 36. Qf4 Rxb3 37. Nd6 Qa8+ 38. Ng2 Rxd3 39. Qh6 Rd1+ 40. Kh2 Nf3+ 0-1

[Event "Marshall NY Int"]
[Site "New York USA"]
[Date "2008.06.22"]
[Round "3"]
[White "Scekic, M."]
[Black "Paragua, M."]
[Result "0-1"]
[WhiteElo "2371"]
[BlackElo "2538"]
[PlyCount "100"]
[EventDate "2008.06.21"]
[Source "www.chesslib.no"]
[SourceDate "2004.05.04"]

1. f4 c5 2. Nf3 Nc6 3. b3 d5 4. e3 Bg4 5. Bb2 e6 6. h3 Bh5 7. Bb5 f6 8. Bxc6+ bxc6 9. Qe2 Bd6 10. O-O Ne7 11. Nc3 O-O 12. g4 Bf7 13. Na4 Rb8 14. Kh1 Qc7 15. Rg1 e5 16. f5 e4 17. Nh4 h6 18. Ba3 Rb5 19. d4 exd3 20. cxd3 Re8 21. Ng2 d4 22. e4 Nd5 23. Rac1 Qe7 24. Nh4 Nf4 25. Qf3 Bxb3 26. Nxc5 Bxa2 27. Ra1 Bf7 28. Ne6 Bxe6 29. fxe6 Bxa3 30. Nf5 Qc7 31. Rxa3 Nxe6 32. Rga1 Reb8 33. Rf1 Rb2 34. Qg3 Qxg3 35. Nxg3 R8b3 36. Rxb3 Rxb3 37. Rd1 Nf4 38. Nf5 Rxd3 39. Rxd3 Nxd3 40. Nxd4 c5 41. Nc6 c4 42. Kg2 c3 43. Nd4 Nb4 44. Ne2 c2 45. Nc1 a5 46. Kf3 a4 47. Ke3 a3 48. Kd2 a2 49. Nb3 Kf7 50. Kc3 Ke6 0-1

[Event "It (Open) Moscow RUS"]
[Site "?"]
[Date "2006.02.07"]
[Round "1"]
[White "Gubajdullin Alexey"]
[Black "Geller Jakov"]
[Result "0-1"]
[WhiteElo "2413"]
[BlackElo "2495"]
[PlyCount "72"]
[EventDate "2006.??.??"]
[Source "www.chesslib.no"]
[SourceDate "2004.05.04"]

1. f4 c5 2. Nf3 Nf6 3. g3 g6 4. Bg2 Bg7 5. O-O O-O 6. d3 Nc6 7. e4 d6 8. h3 Rb8 9. Nc3 b5 10. Be3 b4 11. Ne2 c4 12. dxc4 Nxe4 13. Qd5 Bb7 14. Qxe4 Ne5 15. Qxb7 Rxb7 16. fxe5 Rc7 17. e6 Rxc4 18. exf7+ Rxf7 19. Ng5 Rxf1+ 20. Rxf1 Qa5 21. Nf4 Qxg5 22. Bd5+ Kh8 23. Bxc4 Qxg3+ 24. Ng2 Bf6 25. Bxa7 Qxh3 26. Bd5 Qg3 27. Rf4 Qg5 28. Bb3 h5 29. Be3 Qb5 30. a3 bxa3 31. bxa3 g5 32. Rb4 Qe2 33. Rb8+ Kh7 34. Rg8 d5 35. Rxg5 Bxg5 36. Bxg5 d4 0-1